| 000 | 00458nam a2200193Ia 4500 | ||
|---|---|---|---|
| 008 | 170918s9999 xx 000 0 und d | ||
| 020 | _a9781407120621 | ||
| 050 | _bH313jo 2010 | ||
| 100 | _aHarris, M. G. | ||
| 245 | 4 | _aThe Joshua files : | |
| 245 | _bzero management / | ||
| 245 | _cby M. G. Marris. | ||
| 260 | _aNew York : | ||
| 260 | _bScholastic, | ||
| 260 | _c2010 | ||
| 300 | _a356 pages : | ||
| 300 | _billustrations ; | ||
| 300 | _c19cm. | ||
| 999 |
_c344272 _d344272 |
||